000 00615cam a2200181u 4500
082 _a671.35
_bLEA
_cL-17, P-63
100 1 _aLea, F. C.
_940029
245 1 4 _aThe machining of steel, simply explained,
_cLea, F. C.
260 _aLondon and Glasgow,
_bBlackie & son limited
_c[1945]
300 _avi p., 2 l., 214 p.
_billus., viii pl., diagrs.
_c19 cm.
526 _a0
_b0
_c0
_d671_350000000000000_LEA
650 0 _aMachine-shop practice.
_936237
650 0 _aMachine-tools.
_925078
650 0 _aMCE
_9379
650 0 _aTool-steel.
_944962
700 1 _aSimons, Eric N., [from old catalog]
_944954
942 _2ddc
_cBK
999 _c548602
_d548602